| 000 | 00000nam##2200000za#4500 |
| 001 | 9.663706 |
| 003 | CaOODSP |
| 005 | 20210615121155 |
| 007 | ta |
| 008 | 150407|2002||||xxc||||| f|0| 0 fre|d |
| 020 | |a0-662-66531-7 |
| 040 | |aCaOODSP|bfre |
| 041 | |aeng |
| 041 | |afre |
| 043 | |an-cn--- |
| 086 | 1 |aSC94-94/2002 |
| 110 | 1 |aCanada.|bCentre canadien de gestion. |
| 245 | 10|aL'organisation au service de l'innovation délibérée : |btrousse d'outils pour les équipes / |cpar Geoff Dinsdale, Mary Moore et Andrew Gaudes; présidée par Ruth Dantzer |
| 260 | |aOttawa - Ontario : |bCentre canadien de gestion |c2002. |
| 300 | |a76p. : |c28 cm. |
| 504 | |aBibliographie. |
| 590 | |a02-29|b2002-07-19 |
| 691 | 07|aAdministration publique|2gcpds |
| 691 | 07|aFonction publique|2gcpds |
| 691 | 07|aInnovation|2gcpds |
| 691 | 07|aRéunion|2gcpds |
| 776 | 0#|tL'organisation au service de l'innovation : |w(CaOODSP)9.630771 |
| 776 | 0#|tOrganizing for deliberate innovation : |w(CaOODSP)9.686294 |
| 791 | |tOrganizing for deliberate innovation : |eeng|w(CaOODSP)9.663705 |